How to prevent and remove mildew; (Record no. 12493)

MARC details
000 -LEADER
fixed length control field 00910cam a2200265 4500
001 - CONTROL NUMBER
control field agr68000187
003 - CONTROL NUMBER IDENTIFIER
control field DLC
005 - DATE AND TIME OF LATEST TRANSACTION
control field 20260227111030.0
008 - FIXED-LENGTH DATA ELEMENTS--GENERAL INFORMATION
fixed length control field 691103s1968 dcua 000 0 eng c
010 ## - LIBRARY OF CONGRESS CONTROL NUMBER
LC control number agr68000187
040 ## - CATALOGING SOURCE
Original cataloging agency U.S. Nat'l Agr. Libr.
Transcribing agency DLC
Modifying agency DLC
050 10 - LIBRARY OF CONGRESS CALL NUMBER
Classification number TX7
Item number .U6 no. 68
070 0# - NATIONAL AGRICULTURAL LIBRARY CALL NUMBER
Classification number 1 Ag84Hg no. 68 1968
110 1# - MAIN ENTRY--CORPORATE NAME
Corporate name or jurisdiction name as entry element United States.
Subordinate unit Agricultural Research Service.
245 10 - TITLE STATEMENT
Title How to prevent and remove mildew;
Remainder of title home methods.
250 ## - EDITION STATEMENT
Edition statement [Slightly rev.
260 ## - PUBLICATION, DISTRIBUTION, ETC.
Place of publication, distribution, etc. Washington,
Name of publisher, distributor, etc. U.S. Govt. Print. Off.,
Date of publication, distribution, etc. 1968]
300 ## - PHYSICAL DESCRIPTION
Extent 14 p.
Other physical details illus.
Dimensions 24 cm.
490 1# - SERIES STATEMENT
Series statement United States. Dept. of Agriculture. Home and garden bulletin
Volume/sequential designation no. 68
500 ## - GENERAL NOTE
General note Earlier ed., with same title, by M. S. Furry.
650 #0 - SUBJECT ADDED ENTRY--TOPICAL TERM
Topical term or geographic name entry element Mildew.
650 #3 - SUBJECT ADDED ENTRY--TOPICAL TERM
Topical term or geographic name entry element Mildew.
700 1# - ADDED ENTRY--PERSONAL NAME
Personal name Furry, Margaret Smith,
Dates associated with a name 1899-
Title of a work How to prevent and remove mildew.
830 #0 - SERIES ADDED ENTRY--UNIFORM TITLE
Uniform title Home and garden bulletin ;
Volume/sequential designation no. 68.

No items available.

Powered by Koha